Państwa oraz Stolice na Mapie Świata - Statystyki

Ogólne statystyki
  • Ten quiz został rozwiązany 185 razy
  • Średni wynik to 258 z 396
Odpowiedzi na mapie
Odpowiedzi zakodowano w zielono-czerwonej skali na mapie do tego quizu, zgodnie z poniższymi procentami.
 
Statystyki odpowiedzi
Rodzaj Lat Lon Odpowiedź % Poprawnych
Country Kanada
87%
Country Meksyk
87%
World Capital 19.43 -99.1 Meksyk
87%
World Capital 55.75 37.35 Moskwa
87%
Country Rosja
87%
Country Stany Zjednoczone
87%
World Capital 38.88 -77.02 Waszyngton
85%
Country Dania
84%
World Capital 45.42 -75.42 Ottawa
84%
Country Polska
84%
Country Turcja
84%
Country Andora
82%
World Capital 42.5 1.32 Andora
82%
Country Austria
82%
Country Białoruś
82%
Country Brazylia
82%
Country Bułgaria
82%
Country Chiny
82%
Country Estonia
82%
Country Finlandia
82%
Country Francja
82%
Country Hiszpania
82%
Country Indie
82%
Country Irlandia
82%
Country Islandia
82%
Country Japonia
82%
Country Liechtenstein
82%
Country Litwa
82%
Country Łotwa
82%
World Capital 40.38 -3.45 Madryt
82%
World Capital 4.17 73.28 Male
82%
Country Mołdawia
82%
Country Niemcy
82%
Country Norwegia
82%
Country Nowa Zelandia
82%
Country Portugalia
82%
Country Szwecja
82%
Country Ukraina
82%
World Capital 41.9 12.5 Watykan
82%
Country Watykan
82%
Country Wielka Brytania
82%
Country Włochy
82%
Country Algieria
81%
Country Argentyna
81%
Country Australia
81%
Country Belgia
81%
World Capital 50.85 4.21 Bruksela
81%
Country Chile
81%
Country Chorwacja
81%
Country Czechy
81%
World Capital 53.33 -6.15 Dublin
81%
Country Egipt
81%
Country Grecja
81%
Country Holandia
81%
World Capital 55.67 12.34 Kopenhaga
81%
Country Kosowo
81%
Country Kuba
81%
World Capital 51.5 -0.05 Londyn
81%
World Capital 49.6 6.09 Luksemburg
81%
Country Luksemburg
81%
Country Macedonia Północna
81%
Country Mongolia
81%
World Capital 48.85 2.2 Paryż
81%
World Capital 50.08 14.22 Praga
81%
Country Rumunia
81%
World Capital 56.93 24.08 Ryga
81%
World Capital 41.9 12.29 Rzym
81%
World Capital 43.93 12.3 San Marino
81%
Country San Marino
81%
Country Słowacja
81%
Country Słowenia
81%
Country Szwajcaria
81%
World Capital 52.23 21 Warszawa
81%
Country Węgry
81%
Country Wenezuela
81%
World Capital 48.2 16.22 Wiedeń
81%
Country Albania
79%
World Capital 52.37 4.54 Amsterdam
79%
World Capital 37.97 23.46 Ateny
79%
World Capital 52.52 13.25 Berlin
79%
Country Bośnia i Hercegowina
79%
World Capital 44.42 26.1 Bukareszt
79%
Country Czarnogóra
79%
Country Filipiny
79%
World Capital 60.17 25.03 Helsinki
79%
Country Kazachstan
79%
World Capital 38.7 -9.1 Lizbona
79%
Country Malta
79%
World Capital 43.72 7.4 Monako
79%
Country Monako
79%
World Capital 59.95 10.45 Oslo
79%
Country Pakistan
79%
World Capital 59.32 18.03 Sztokholm
79%
Country Urugwaj
79%
World Capital 54.68 25.19 Wilno
79%
World Capital 45.82 15.58 Zagrzeb
79%
World Capital 39.87 32.54 Ankara
77%
Country Arabia Saudyjska
77%
World Capital 46.95 7.28 Berno
77%
Country Boliwia
77%
World Capital 47.47 19.05 Budapeszt
77%
Country Cypr
77%
Country Indonezja
77%
Country Irak
77%
Country Iran
77%
World Capital 50.45 30.28 Kijów
77%
Country Kolumbia
77%
Country Korea Północna
77%
Country Malezja
77%
World Capital 53.9 27.3 Mińsk
77%
World Capital 64.13 -21.57 Reykjavík
77%
Country Serbia
77%
World Capital 37.55 126.58 Seul
77%
Country Tajlandia
77%
World Capital 59.43 24.48 Tallinn
77%
World Capital 35.68 139.75 Tokio
77%
Country Wietnam
77%
World Capital 36.77 3.08 Algier
76%
Country Azerbejdżan
76%
World Capital 48.13 17.07 Bratysława
76%
Country Demokratyczna Republika Konga
76%
Country Jemen
76%
Country Korea Południowa
76%
Country Liban
76%
Country Libia
76%
Country Madagaskar
76%
Country Maroko
76%
Country Panama
76%
World Capital 8.98 -79.5 Panama
76%
Country Paragwaj
76%
World Capital 39.9 116.2 Pekin
76%
Country Peru
76%
Country Republika Południowej Afryki
76%
Country Salwador
76%
World Capital 42.7 23.2 Sofia
76%
Country Syria
76%
Country Tunezja
76%
World Capital 35.88 14.31 Valletta
76%
Country Afganistan
74%
Country Armenia
74%
Country Bahamy
74%
World Capital -15.78 -47.55 Brasília
74%
Country Dominika
74%
Country Ekwador
74%
Country Gujana
74%
Country Izrael
74%
Country Jamajka
74%
Country Kuwejt
74%
World Capital 29.37 47.98 Kuwejt
74%
World Capital 46.05 14.33 Lublana
74%
Country Nepal
74%
Country Niger
74%
Country Nigeria
74%
Country Oman
74%
World Capital 43.87 18.26 Sarajewo
74%
Country Sri Lanka
74%
Country Tajwan
74%
Country Zjednoczone Emiraty Arabskie
74%
Country Bangladesz
73%
Country Etiopia
73%
Country Gruzja
73%
Country Gwatemala
73%
World Capital 14.6 -90.22 Gwatemala
73%
World Capital 23.13 -82.22 Hawana
73%
Country Jordania
73%
World Capital 30.05 31.14 Kair
73%
World Capital 47 28.5 Kiszyniów
73%
Country Kongo
73%
Country Laos
73%
Country Somalia
73%
Country Sudan
73%
World Capital 41.32 19.49 Tirana
73%
Country Turkmenistan
73%
World Capital 47.13 9.31 Vaduz
73%
Country Angola
71%
World Capital -35.3 149.08 Canberra
71%
Country Czad
71%
Country Dominikana
71%
Country Fidżi
71%
Country Honduras
71%
Country Katar
71%
Country Kenia
71%
Country Kirgistan
71%
Country Kostaryka
71%
Country Malediwy
71%
Country Mali
71%
Country Mikronezja
71%
Country Nikaragua
71%
World Capital 42.43 19.3 Podgorica
71%
World Capital 42.67 21.16 Prisztina
71%
World Capital -33.45 -70.4 Santiago
71%
Country Surinam
71%
Country Tanzania
71%
World Capital 47.92 106.9 Ułan Bator
71%
Country Uzbekistan
71%
Country Zambia
71%
Country Bahrajn
69%
World Capital 44.82 20.4 Belgrad
69%
Country Belize
69%
Country Bhutan
69%
World Capital -34.6 -60 Buenos Aires
69%
Country Gwinea
69%
Country Haiti
69%
World Capital 31.78 35.1 Jerozolima
69%
Country Kambodża
69%
World Capital 28.6 77.13 Nowe Delhi
69%
World Capital 1.28 103.8 Singapur
69%
Country Singapur
69%
World Capital 42 21.26 Skopje
69%
Country Sudan Południowy
69%
Country Tadżykistan
69%
Country Zimbabwe
69%
World Capital 33.5 36.18 Damaszek
68%
World Capital 11.58 42.2 Dżibuti
68%
Country Dżibuti
68%
Country Gwinea Bissau
68%
Country Lesotho
68%
World Capital -34.88 -56.11 Montevideo
68%
Country Namibia
68%
World Capital 35.17 33.25 Nikozja
68%
Country Papua-Nowa Gwinea
68%
World Capital 39.02 125.3 Pjongjang
68%
Country Seszele
68%
World Capital 35.68 51.3 Teheran
68%
World Capital 36.8 10.11 Tunis
68%
Country Vanuatu
68%
World Capital 51.17 71.3 Astana
66%
Country Barbados
66%
World Capital 4.58 -74 Bogota
66%
Country Brunei
66%
Country Ghana
66%
World Capital -12.03 -77 Lima
66%
Country Mjanma
66%
Country Mozambik
66%
Country Palau
66%
Country Republika Zielonego Przylądka
66%
Country Senegal
66%
Country Tuvalu
66%
Country Wyspy Świętego Tomasza i Książeca
66%
World Capital 24.47 54.22 Abu Zabi
65%
World Capital 33.33 44.3 Bagdad
65%
World Capital 40.38 49.56 Baku
65%
World Capital 13.75 100.35 Bangkok
65%
Country Burkina Faso
65%
World Capital -6.2 106.49 Dżakarta
65%
Country Erytrea
65%
Country Eswatini
65%
Country Gambia
65%
Country Kamerun
65%
Country Komory
65%
Country Liberia
65%
Country Malawi
65%
Country Mauretania
65%
World Capital 34.03 -6.8 Rabat
65%
Country Rwanda
65%
Country Saint Vincent i Grenadyny
65%
Country Togo
65%
Country Trynidad i Tobago
65%
Country Wyspy Marshalla
65%
Country Wyspy Salomona
65%
Country Benin
63%
World Capital 40.18 44.31 Erywań
63%
Country Gabon
63%
Country Gwinea Równikowa
63%
World Capital 21.03 105.55 Hanoi
63%
World Capital 3.13 101.41 Kuala Lumpur
63%
Country Nauru
63%
Country Republika Środkowoafrykańska
63%
Country Saint Kitts i Nevis
63%
Country Saint Lucia
63%
Country Sierra Leone
63%
World Capital 41.72 44.5 Tbilisi
63%
Country Timor Wschodni
63%
Country Uganda
63%
Country Antigua i Barbuda
61%
Country Botswana
61%
World Capital 10.5 -66.55 Caracas
61%
Country Kiribati
61%
World Capital 14.58 121.03 Manila
61%
Country Mauritius
61%
Country Tonga
61%
Country Wybrzeże Kości Słoniowej
61%
World Capital 33.88 35.31 Bejrut
60%
Country Burundi
60%
Country Grenada
60%
World Capital 33.72 73.1 Islamabad
60%
World Capital 34.53 69.11 Kabul
60%
World Capital 27.7 85.2 Katmandu
60%
World Capital 24.63 46.42 Rijad
60%
World Capital 25.03 121.5 Tajpej
60%
World Capital 31.93 35.52 Amman
58%
World Capital -18.93 47.31 Antananarywa
58%
World Capital 14.68 -17.29 Dakar
58%
World Capital -16.5 -68.12 La Paz
58%
World Capital 32.9 13.07 Trypolis
58%
World Capital -25.73 28.2 Pretoria
56%
Country Samoa
56%
World Capital -41.28 174.46 Wellington
56%
World Capital 25.28 51.35 Doha
55%
World Capital 17.98 -76.5 Kingston
55%
World Capital -0.25 -78.35 Quito
55%
World Capital 15.33 44.2 Sana
55%
World Capital 13.68 -89.1 San Salvador
55%
World Capital 9.02 38.42 Addis Abeba
53%
World Capital 42.87 74.46 Biszkek
53%
World Capital 23.73 90.26 Dhaka
53%
World Capital -33.92 18.5 Kapsztad
53%
World Capital -1.28 36.48 Nairobi
53%
World Capital 9.93 -84.02 San José
53%
World Capital 15.63 32.35 Chartum
52%
World Capital -19.05 -65.26 Sucre
52%
World Capital 17.97 102.36 Wientian
52%
World Capital -25.27 -57.3 Asunción
50%
World Capital 37.93 57.5 Aszchabad
50%
World Capital 11.85 -15.45 Bissau
50%
World Capital 38.53 68.48 Duszanbe
50%
World Capital 10.67 -61.5 Port-of-Spain
50%
World Capital 18.47 -69.59 Santo Domingo
50%
World Capital 9.07 7.32 Abudża
48%
World Capital 17.25 -88.3 Belmopan
48%
World Capital 6.8 -58.12 Georgetown
48%
World Capital 23.6 58.36 Maskat
48%
World Capital 41.27 69.1 Taszkent
48%
World Capital 14.1 -87.14 Tegucigalpa
48%
World Capital -4.32 15.15 Kinszasa
47%
World Capital -8.83 13.15 Luanda
47%
World Capital 12.13 -86.2 Managua
47%
World Capital 2.03 45.25 Mogadiszu
47%
World Capital 25.07 -77.2 Nassau
47%
World Capital 5.87 -55.1 Paramaribo
47%
World Capital 6.9 79.9 Sri Dźajawardanapura Kotte
47%
World Capital -4.62 55.5 Victoria
47%
World Capital -8.57 125.34 Dili
45%
World Capital 3.87 11.35 Jaunde
45%
World Capital 0.33 6.39 São Tomé
45%
World Capital 27.47 89.45 Thimphu
45%
World Capital 5.55 -0.06 Akra
44%
World Capital 12.1 14.59 Ndżamena
44%
World Capital 13.52 2.06 Niamey
44%
World Capital 11.55 104.55 Phnom Penh
44%
World Capital 15.33 38.55 Asmara
42%
World Capital 4.85 31.6 Dżuba
42%
World Capital -24.65 25.57 Gaborone
42%
World Capital -1.93 30.04 Kigali
42%
World Capital 26.22 50.3 Manama
42%
World Capital 19.75 96.1 Naypyidaw
42%
World Capital 18.53 -72.2 Port-au-Prince
42%
World Capital -9.5 147.08 Port Moresby
42%
World Capital 12.35 -1.3 Wagadugu
42%
World Capital 13.1 -59.3 Bridgetown
40%
World Capital 8.48 -13.17 Freetown
40%
World Capital 0.3 32.3 Kampala
40%
World Capital 13.15 -61.1 Kingstown
40%
World Capital 0.38 9.26 Libreville
40%
World Capital -4.27 15.12 Brazzaville
39%
World Capital -6.17 35.45 Dodoma
39%
World Capital -17.85 31.02 Harare
39%
World Capital 6.82 -5.17 Jamusukro
39%
World Capital 6.12 1.2 Lomé
39%
World Capital -25.97 32.32 Maputo
39%
World Capital -29.3 27.3 Maseru
39%
World Capital 6.48 2.63 Porto-Novo
39%
World Capital 14.92 -23.34 Praia
39%
World Capital 15.3 -61.24 Roseau
39%
World Capital 17.12 -61.8 Saint John’s
39%
World Capital -22.57 17.04 Windhuk
39%
World Capital 9.52 -13.49 Konakry
37%
World Capital -15.42 28.16 Lusaka
37%
World Capital 18.1 -15.9 Nawakszut
37%
World Capital 12.05 -61.75 Saint George's
37%
World Capital 13.45 -16.4 Bandżul
35%
World Capital 14.02 -60.58 Castries
35%
World Capital -3.43 29.93 Gitega
35%
World Capital -18.13 178.3 Suva
35%
World Capital 12.65 -7.55 Bamako
34%
World Capital 4.88 115 Bandar Seri Begawan
34%
World Capital 4.37 18.35 Bangi
34%
World Capital 17.3 -62.43 Basseterre
34%
World Capital -13.98 33.48 Lilongwe
34%
World Capital -26.32 31.06 Mbabane
34%
World Capital -20.15 57.4 Port Louis
34%
World Capital -13.83 -171.5 Apia
31%
World Capital -9.43 159.57 Honiara
31%
World Capital 6.3 -10.47 Monrovia
31%
World Capital -11.68 43.16 Moroni
31%
World Capital 3.75 8.5 Malabo
29%
World Capital -17.75 168.18 Port Vila
29%
World Capital -0.53 166.9 Yaren
26%
World Capital 7.07 171.38 Majuro
23%
World Capital 7.48 134.6 Ngerulmud
23%
World Capital 6.92 158.09 Palikir
23%
World Capital -21.13 -174 Nuku'alofa
21%
World Capital -29.12 26.2 Bloemfontein
19%
World Capital 1.43 172.98 Bairiki
15%
World Capital 6.37 2.39 Kotonu
10%
World Capital -8.52 179.13 Vaiaku
8%
Nie znaleziono quizów pasujących do podanych kryteriów
Rozkład punktacji
Procent ludzi z każdym wynikiem
Percentyl według liczby udzielonych odpowiedzi
Twoja historia wyników
Nie rozwiązałeś tego quizu